La docencia de la contabilidad (Registro nro. 9588)

Detalles MARC
000 -LEADER
fixed length control field 00319 a2200109 4500
001 - CONTROL NUMBER
control field ART_17250
005 - DATE AND TIME OF LATEST TRANSACTION
control field 20260410161600.0
008 - FIXED-LENGTH DATA ELEMENTS--GENERAL INFORMATION
fixed length control field 260409a
100 1# - MAIN ENTRY--PERSONAL NAME
Personal name Tua Pereda, Jorge
245 10 - TITLE STATEMENT
Title La docencia de la contabilidad
773 0# - HOST ITEM ENTRY
Title Profesional & Empresaria
Related parts - Año XIV, Nº 166 (jul. 2013)
Record control number REV70

No hay ítems disponibles.